Fruit and vegetables from seed: An illustrated dictionary / (Record no. 9947)
[ view plain ]
| 000 -LEADER | |
|---|---|
| fixed length control field | 00447cam a2200169ua 4500 |
| 020 ## - INTERNATIONAL STANDARD BOOK NUMBER | |
| ISBN | 0-90-78126-19 |
| 041 ## - LANGUAGE CODE | |
| Language code of text/sound track or separate title | eng |
| 082 ## - DEWEY DECIMAL CLASSIFICATION NUMBER | |
| Classification number | 028.73634 |
| Item number | GOR/FR |
| 100 ## - MAIN ENTRY--AUTHOR NAME | |
| Personal name | Gorer, Richard . |
| 245 00 - TITLE STATEMENT | |
| Title | Fruit and vegetables from seed: An illustrated dictionary / |
| 250 ## - EDITION STATEMENT | |
| Edition statement | 1 / |
| 260 ## - PUBLICATION, DISTRIBUTION, ETC. (IMPRINT) | |
| Place of publication | London : |
| Name of publisher | Treasure Press , |
| Year of publication | 1982. |
| 300 ## - PHYSICAL DESCRIPTION | |
| Number of Pages | 205 ; . |
| 942 ## - ADDED ENTRY ELEMENTS (KOHA) | |
| Koha item type | Books |
| Withdrawn status | Lost status | Damaged status | Home library | Current library | Date acquired | Full call number | Accession Number | Koha item type |
|---|---|---|---|---|---|---|---|---|
| KAUAET | KAUAET | 11/11/1987 | 028.73634 | 16373 | Reference |
